Ojedinelý prípad úspešnej privatizácie z torza automobilky je dnes úspešný výrobný komplex

Bibliographic Details
Main Author: Ďurkovič, Herbert, 1928-2007 (Author)
Format: Article
Language:Slovak
PhysicalDescription:Tab.
ISSN:1335-4124
Subjects:

MARC

LEADER 00000nab a2200000 a 4500
001 vtls000709635
003 SK-MaSNL
005 20260304033603.0
008 180206c1999 xo 0 slo
015 |a SNBRB2000/01-01949 
035 |a CLN000061802 
040 |a SNKBUCL  |b slo  |c SNKBUCL  |e AACR2 
041 0 |a slo 
044 |a xo  |c SK 
080 |a 629.113:061.5(437.6)  |2 UDC-MRF-SK2 
100 1 |a Ďurkovič, Herbert,  |d 1928-2007  |4 aut  |9 39104 
245 1 0 |a Ojedinelý prípad úspešnej privatizácie  |b z torza automobilky je dnes úspešný výrobný komplex  |c Herbert Ďurkovič 
300 |b Tab. 
500 |a Dokončenie v č. 193/1999 
610 7 |a Bratislavské automobilové závody  |2 snkbucl  |9 254853 
610 7 |a Volkswagen Slovakia (Bratislava, Slovensko)  |2 snkbucl  |9 254851 
655 7 |a články z novín a časopisov  |2 snkbucl  |9 267496 
773 0 |x 1335-4124  |t Hospodársky denník  |g Roč. 1, č. 192 (19.-20.11.1999), s. 14 
850 |a Slovenská národná knižnica v Martine 
852 |a SNK  |b KIS3GCP 
958 |a RBX 
999 |c 2648872  |d 2650802